Film Disney/Pixar par emojis - Statistiques

Statistiques générales
  • Ce quiz a été pris 93 fois
  • Le résultat moyen est 12 sur 13
Statistiques - réponses
Hint Réponse % Correct
​🐸​👑​🤴🏽​💋​ la princesse et la grenouille
96%
⚔️​🐉​🏯​👧🏻​ mulan
96%
🐰​🦊​🚓​🫐​ zootopie
96%
🍎​🌲​🪞​👑​🤴🏻​ blanche neige et les 7 nains
95%
💀​​🎸​💃🏻​🟠​ coco
95%
🦁🐵🏜️🐗​🦜​ Le roi lion
95%
💇🏼‍♀️👨🏻‍🦱🪨​🍳​🌼​ raiponce
95%
🎃​🪄​👠​​🧹​👗🐭​ cendrillon
93%
🌳​📖​🐒​🐻​👨🏽‍🦱 le livre de la jungle
93%
❄️​⛄​👧🏼​👧​🏰​ la reine des neiges
92%
​👧​🟡​🔴​🟢​🔵​🟣​🟠 vice versa
92%
🧜‍♀️​🔱​🦀​🐠​🤴🏻​⛵​ la petite sirène
89%
🐓​🐖​🏝️​🐚​🔱​🌊​ vaiana
80%
Aucun quiz correspondant
Distribution des résultats
% des personnes avec chaque résultat
Percentile par nombre de réponses
Votre historique - résultats
Vous n’avez pas pris ce quiz